000 01052nam a22002537a 4500
999 _c5684
_d5684
003 OSt
005 20251014141300.0
008 251014b ||||| |||| 00| 0 eng d
020 _a9781474927802
_qbook set
040 _cKH8
082 _aFIC FRI
100 _aFrith, Alex,
_eauthor.
245 _aHercules the World's Strongest Man /
_cretold by Alex Frith ; illustrated by Linda Cavallini.
260 _aEngland ;
_bUsborne Publishing Ltd ,
_c2011.
300 _a63 pages :
_bcolour illustrations ;
_c20 cm.
490 _aUsborne Young Reading
_vseries two
520 _aHercules is the perfect hero - strong, fast, brave and very proud. But even he can't stand up to the anger of Hera, queen of the gods. His only hope is to complete twelve titanic tasks, each harder than the last, to prove that he truly is the strongest man in the world.
650 _aEasy reading
_vfiction
650 _aStory book
_vfiction
650 _aYoung readers
700 _aCavallini, Linda,
_eillustrator.
830 _aUsborne Young Reading
942 _2ddc
_cFIC